00314nam a22001217a 4500020001800000040000900018082001700027100001900044245003600063250001700099260004000116650003600156 a9781292088723 cNUST a620.1054 HIB aHibbeler R. C. aEngineering Mechanics: Dynamics a14th Edition aEngland:bPearson Education,c2017. aEngineering Mechanics Dynamics